Normal view
MARC view
- Esenwein J. Berg
Entry Personal Name
001 - CONTROL NUMBER
- control field: 211437
003 - CONTROL NUMBER IDENTIFIER
- control field: OSt
005 - DATE AND TIME OF LATEST TRANSACTION
- control field: 20250225104323.0
008 - FIXED-LENGTH DATA ELEMENTS
- fixed length control field: 250225|| aca||aabn | a|a d
040 ## - CATALOGING SOURCE
- Original cataloging agency: OSt
- Transcribing agency: OSt
100 ## - HEADING--PERSONAL NAME
- Personal name: Esenwein J. Berg
- Personal name: Keller Jeff
670 ## - SOURCE DATA FOUND
- Source citation: Work cat.: (OSt)365274: Carnegie Dale 185116, The Art of Public Speaking, 2018